[Event "Heraklion Gazi op"]
[Site "Heraklion"]
[Date "2005.10.01"]
[Round "5"]
[White "Eleftherakis, Stavros"]
[Black "Kanakaris, Konstantinos"]
[Result "0-1"]
[WhiteElo "1240"]
[BlackElo "1320"]
[PlyCount "118"]
[EventDate "2005.09.27"]
[EventType "swiss"]
[EventRounds "7"]
[EventCountry "GRE"]
[SourceTitle "EXT 2007"]
[Source "ChessBase"]
[SourceDate "2006.11.23"]
[SourceVersion "1"]
[SourceVersionDate "2006.11.23"]
[SourceQuality "1"]

1. e4 e5 2. Nf3 Nc6 3. Bc4 Bc5 4. c3 Nf6 5. d3 Na5 6. Bb5 Bb6 7. Nbd2 Nc6 8. Bxc6 bxc6 9. Nxe5 0-0 10. 0-0 Bb7 11. Qb3 d5 12. exd5 cxd5 13. d4 Qd6 14. Ndf3 Rab8 15. Be3 Ba6 16. Rfe1 Bxd4 17. Qa4 Bxe5 18. Nxe5 Bb5 19. Qc2 Qxe5 20. Bxa7 Qd6 21. Bxb8 Rxb8 22. a4 Bd7 23. b4 Ng4 24. g3 Qh6 25. h4 g5 26. hxg5 Qh2+ 27. Kf1 Qh1+ 28. Ke2 Re8+ 29. Kd2 Rxe1 30. Rxe1 Qf3 31. Re7 Qxf2+ 32. Kc1 Qxc2+ 33. Kxc2 Bxa4+ 34. Kd3 Bb5+ 35. Kd4 c6 36. Kc5 Nf2 37. Rb7 Ne4+ 38. Kd4 Kg7 39. Rb8 Kg6 40. Rg8+ Kf5 41. Rb8 Kxg5 42. Rb7 Kf6 43. Rb8 Nxg3 44. Rxb5 cxb5 45. Kxd5 h5 46. Kc5 h4 47. Kxb5 h3 48. c4 h2 49. c5 h1Q 50. c6 Ke6 51. Kb6 Kd6 52. b5 Qg1+ 53. Kb7 Qc5 54. Ka8 Qxb5 55. c7 Qc6+ 56. Ka7 Qxc7+ 57. Ka8 Qd7 58. Kb8 Kc6 59. Ka8 Qb7# 0-1

[Event "Heraklion Gazi op"]
[Site "Heraklion"]
[Date "2005.09.30"]
[Round "4"]
[White "Kanakaris, Konstantinos"]
[Black "Fragiadakis, Emanouel"]
[Result "0-1"]
[WhiteElo "1320"]
[BlackElo "1865"]
[PlyCount "94"]
[EventDate "2005.09.27"]
[EventType "swiss"]
[EventRounds "7"]
[EventCountry "GRE"]
[SourceTitle "EXT 2007"]
[Source "ChessBase"]
[SourceDate "2006.11.23"]
[SourceVersion "1"]
[SourceVersionDate "2006.11.23"]
[SourceQuality "1"]

1. e4 c6 2. d4 d5 3. e5 Bf5 4. Nf3 e6 5. c3 Qb6 6. Nh4 Bg6 7. Nd2 Nd7 8. Ndf3 c5 9. Nxg6 hxg6 10. Qc2 cxd4 11. cxd4 Ne7 12. Bd3 Rc8 13. Qe2 Nc6 14. Be3 Bb4+ 15. Kf1 Na5 16. Ng5 Be7 17. Qg4 Bxg5 18. Bxg5 Qxb2 19. Rb1 Qa3 20. Bxg6 Rc6 21. Bd2 fxg6 22. Qxg6+ Kd8 23. g3 Nc4 24. Bb4 Qf3 25. Kg1 Qf5 26. Qxf5 exf5 27. Kg2 a5 28. Be1 Kc7 29. Rb5 Ndb6 30. Bxa5 Nxa5 31. Rxa5 Ra8 32. Rxa8 Nxa8 33. Kf3 Kd7 34. Kf4 g6 35. h4 Nc7 36. h5 Ne6+ 37. Ke3 Nf8 38. hxg6 Nxg6 39. Rh5 Ne7 40. Rh7 Ra6 41. Kf4 Rxa2 42. Rh2 b5 43. Ke3 b4 44. Kd3 Ra3+ 45. Kc2 Rc3+ 46. Kb2 Rd3 47. f4 Rxg3 0-1